| 000 | 00984nam a22002537a 4500 | ||
|---|---|---|---|
| 001 | 8762 | ||
| 003 | FISKH | ||
| 005 | 20251212084942.0 | ||
| 008 | 251017b cb ||||| |||| 00| 0 eng d | ||
| 020 | _a9789995001490 | ||
| 040 |
_aFISKH _bkhr _cFISKH _dFISKH |
||
| 050 | _aPZ7 | ||
| 082 | _a895.1 | ||
| 100 | _aSakal, Ngoun | ||
| 245 |
_aកំណាព្យ ព្យព្ជាន:ដោយរូបភាព / _cអ្នកនិពន្ធ ងួន សាកល , អ្នករៀបរៀង អ៊ុំ បុប្ផា និង លោក សេង តុងបុត្តា |
||
| 260 |
_aភ្នំពេញ : _bគ្រឹះស្ថានបោះពុម្ពនិងចែកផ្សាយ , _c2012. |
||
| 300 |
_a36 pages : _bcolor illustrations ; _c17*18 cm . |
||
| 505 | _aP | ||
| 521 | 8 |
_a650
_bLexile estimate |
|
| 521 | 8 |
_aP
_bRaz-Plus |
|
| 700 |
_aVanten, Houy _eIllustrator |
||
| 942 |
_2ddc _cKHB _n0 |
||
| 999 |
_c8762 _d8762 |
||